| 000 | 00781nam a2200265Ia 4500 | ||
|---|---|---|---|
| 001 | Para_6300 | ||
| 003 | CHAP | ||
| 008 | 220125s1984 xx 000 0 und d | ||
| 010 | _a203651 | ||
| 040 | _cCHAP | ||
| 090 | _aPA FOLLETO 391 | ||
| 110 |
_aThe Ohio State University _9169526 |
||
| 245 |
_aA list of references : _b maize virus and mycoplasma diseases / _c by Ohio State University |
||
| 260 |
_aWooster, Ohio : _b The Ohio State University |
||
| 300 | _a77 p. | ||
| 650 |
_aMaíz _x enfermedades por hongos _970941 |
||
| 650 |
_aMaíz _x enfermedades por virus _970943 |
||
| 901 | _aPA FOLLETO 391 | ||
| 902 | _aA | ||
| 905 | _a0000001984 0000000000 00 | ||
| 910 | _a1984 | ||
| 942 | _cPARA | ||
| 942 |
_cPARA _d1 |
||
| 999 |
_c203651 _d203651 |
||